LEADER 03479cas--2200601---450- 001 990001026230203316 005 20161130101446.0 011 $a0013-9157 035 $a0102623 035 $aUSA010102623 035 $a(ALEPH)000102623USA01 035 $a0102623 100 $a20020311d--------km-y0itay0103----ba 101 $aeng 102 $aUS 110 $aaza-------- 200 1 $aEnvironment 210 $aWashington 215 $avolumi$d28 cm 326 $aEscono 10 numeri per anno 410 $12001 606 0 $aSanità pubblica$xPeriodici 676 $a614.7 801 0$aIT$bsalbc$gISBD 856 4 $uhttp://www.informaworld.com/smpp/title~db=all~content=t914957643$4.$zOnline dal 1969 da workstation autorizzate 912 $a990001026230203316 958 $aECO$bFondo$c22(1980)-57(2015);$l1981; 959 $aSE 979 $aPATTY$b90$c20020311$lUSA01$h1607 979 $aPATTY$b90$c20020311$lUSA01$h1607 979 $aPATTY$b90$c20020321$lUSA01$h1701 979 $c20020403$lUSA01$h1743 979 $aPATRY$b90$c20040406$lUSA01$h1711 979 $aPATRY$b90$c20071129$lUSA01$h1419 979 $aVITTORIANA$b90$c20101115$lUSA01$h1444 979 $aMUSELLA$b90$c20130306$lUSA01$h1049 979 $aVINNY$b90$c20140923$lUSA01$h0947 979 $aVITTORIANA$b90$c20140926$lUSA01$h1019 979 $aVITTORIANA$b90$c20161130$lUSA01$h1014 996 $aEnvironment$9281225 997 $aUNISA Z30 2$lUSA50$LAdministrative$mISSBD$1ECO$AECO$3Fondo$610684$5B2911$820030507$a2002$b44$c1$f09$FNON Prestabile$hVol. 44, n. 1-10 (2002)$i20020123$j20020222$k20021017 Z30 2$lUSA50$LAdministrative$mISSBD$1ECO$AECO$3Fondo$611032$5B3820$820030630$a2001$b43$c1$f09$FNON Prestabile$hVol. 43, n. 1-10 (2001)$i20010123$j20010222$k20030325 Z30 2$lUSA50$LAdministrative$mISSUE$1ECO$AECO$3RA 43$5134025-220$820030203$a2003$b45$c2$f09$FNON Prestabile$hVol. 45, n. 2 (2003)$i20030228$j20030330$k20030507 Z30 2$lUSA50$LAdministrative$mISSUE$1ECO$AECO$3RA 43$5134025-230$820030507$a2003$b45$c3$f09$FNON Prestabile$hVol. 45, n. 3 (2003)$i20030405$j20030505$k20030519 Z30 2$lUSA50$LAdministrative$mISSUE$1ECO$AECO$3RA 43$5134025-250$820030519$a2003$b45$c4$f09$FNON Prestabile$hVol. 45, n. 4 (2003)$i20030511$j20030610$k20030612 Z30 2$lUSA50$LAdministrative$mISSUE$1ECO$AECO$3RA 43$5134025-260$820030612$a2003$b45$c5$f09$FNON Prestabile$hVol. 45, n. 5 (2003)$i20030616$j20030716$k20030630 Z30 2$lUSA50$LAdministrative$mISSUE$1ECO$AECO$3RA 43$5134025-270$820030630$a2003$b45$c6$f09$FNON Prestabile$hVol. 45, n. 6 (2003)$i20030722$j20030821$k20030724 Z30 2$lUSA50$LAdministrative$mISSUE$1ECO$AECO$3RA 43$5134025-290$820030724$a2003$b45$c7$f09$FNON Prestabile$hVol. 45, n. 7 (2003)$i20030827$j20030926$k20030925 Z30 2$lUSA50$LAdministrative$mISSUE$1ECO$AECO$3RA 43$5134025-300$820030925$a2003$b45$c8$f09$FNON Prestabile$hVol. 45, n. 8 (2003)$i20031002$j20031101$k20031107 Z30 2$lUSA50$LAdministrative$mISSUE$1ECO$AECO$3RA 43$5134025-310$820031107$a2003$b45$c9$f09$FNON Prestabile$hVol. 45, n. 9 (2003)$i20031107$j20031207$k20031203 Z30 2$lUSA50$LAdministrative$mISSUE$1ECO$AECO$3RA 43$5134025-320$820031203$a2003$b45$c10$f09$FNON Prestabile$hVol. 45, n. 10 (2003)$i20031213$j20040112$k20040205 Z30 2$lUSA50$LAdministrative$mISSUE$1ECO$AECO$3RA 43$610890$5134025-210$820021218$a2003$b45$c1$f09$FNON Prestabile$hVol. 45, n. 1 (2003)$i20030123$j20030222$k20030203 LEADER 01277nam--2200361---45-- 001 990000496090203316 005 20051004121625.0 035 $a0049609 035 $aUSA010049609 035 $a(ALEPH)000049609USA01 035 $a0049609 100 $a20010607d1999----u0ITAita001036ba-ba 101 $aITA 102 $aIT 105 $a||||||||001yy 200 1 $aSupra acqua et supra ad vento$esuperstizioni, maleficia e incantamenta nei predicatori francescani Osservanti$eItalia, sec. 15.$fMarina Montesano 210 $aRoma$cnella sede dell'Istituto, Palazzo Borromini$d1999 215 $aXX, 224 p.$d26 cm 225 2 $aNuovi studi storici$v46 300 $aIn testa al front.: Istituto storico italiano per il Medio evo 410 0$12001$aNuovi studi storici 606 $aFrancescani$yItalia$xPredicazione$zSec. 15. 700 1$aMONTESANO,$bMarina$0166771 912 $a990000496090203316 951 $aX.1. Coll.11/ 6 (XI A Coll. 19/46)$b157770 L.M.$cXI A Coll.$d00073345 959 $aBK 969 $aUMA 979 $aPAOLA$b40$c20010607$lUSA01$h1104 979 $c20020403$lUSA01$h1658 979 $aPATRY$b90$c20040406$lUSA01$h1634 979 $aCOPAT4$b90$c20051004$lUSA01$h1216 996 $aSupra acqua et supra ad vento$9692954 997 $aUNISA LEADER 02013nam 2200613 a 450 001 9910778211703321 005 20230207230525.0 010 $a1-282-46741-7 010 $a9786612467417 010 $a1-55152-296-9 035 $a(CKB)1000000000793260 035 $a(EBL)478635 035 $a(OCoLC)609854167 035 $a(SSID)ssj0000279400 035 $a(PQKBManifestationID)11210659 035 $a(PQKBTitleCode)TC0000279400 035 $a(PQKBWorkID)10260602 035 $a(PQKB)10456841 035 $a(MiAaPQ)EBC478635 035 $a(Au-PeEL)EBL478635 035 $a(CaPaEBR)ebr10298296 035 $a(EXLCZ)991000000000793260 100 $a20091006d2007 uy 0 101 0 $aeng 135 $aur|n|---||||| 181 $ctxt 182 $cc 183 $acr 200 10$aFame us$b[electronic resource] $ecelebrity impersonators and the cult(ure) of fame /$fBrian Howell 210 $aVancouver $cArsenal Pulp Press$d2007 215 $a1 online resource (184 p.) 300 $aDescription based upon print version of record. 311 $a1-55152-228-4 327 $aCONTENTS; Seen by Many: The Celebrity Image by Norbert Ruebsaat 9; Simulating People by Stephen Osborne 25; Introduction by Brian Howell 31; The Photographs 33; Credits 176; Acknowledgments 180 330 $aPhotos, narratives, and quotations on the nature of fame and celebrity. 606 $aCelebrity impersonators$vBiography 606 $aCelebrity impersonators$vPortraits 606 $aEntertainers$vBiography 606 $aEntertainers$vPortraits 606 $aFame$xSocial aspects 615 0$aCelebrity impersonators 615 0$aCelebrity impersonators 615 0$aEntertainers 615 0$aEntertainers 615 0$aFame$xSocial aspects. 676 $a779.2 700 $aHowell$b Brian$01580450 801 0$bMiAaPQ 801 1$bMiAaPQ 801 2$bMiAaPQ 906 $aBOOK 912 $a9910778211703321 996 $aFame us$93861381 997 $aUNINA